000 00365nam a2200133Ia 4500
003 GCL
008 140319s9999 xx 000 0 ara d
040 _aGCL /
_cGCL
082 0 4 _a780.91
_bح ن
100 1 _aحبيب ظاهر العباس
245 1 0 _aنظريات الموسيقى العربية /
_cحبيب ظاهر العباس
300 _a279 ص
490 _a
999 _c37867
_d37867